Paroles "Ego" de Willy William - Statistiques

Statistiques générales
  • Ce quiz a été pris 119 fois
  • Le résultat moyen est 133 sur 190
Statistiques - réponses
Paroles % Correct
moi
99%
Dis
98%
es
98%
le
98%
Le
98%
plus
98%
qui
98%
est
96%
beau
95%
à
94%
Miroir
94%
allez
89%
Allez
89%
ego
88%
Ego
88%
de
86%
mon
85%
ma
81%
devenir
80%
la
78%
mégalo
78%
ta
78%
Quitte
77%
te
77%
donc
74%
chatouiller
73%
tes
70%
dans
68%
Je
68%
je
68%
Viens
67%
en
64%
Goûter
62%
que
62%
Laisse
60%
matrice
60%
délices
59%
ne
59%
tout
57%
Tout
57%
rose
54%
suis
53%
tu
52%
pour
51%
entrer
49%
Ce
47%
ce
47%
peut
47%
Tant
46%
Personne
44%
personne
44%
l'impose
43%
tête
43%
dissuader
42%
fais
42%
m'en
42%
ferai
41%
bulle
40%
Tellement
38%
pas
37%
j'ai
36%
J'ai
36%
malhonnête
36%
t'accompagner
36%
qu'as
33%
borné
31%
n'est
31%
bien
30%
Cette
28%
demandé
28%
regarder
27%
fini
26%
parler
26%
récupérer
26%
s'impose
26%
train
26%
transformation
26%
gâcher
23%
sorti
22%
Avant
21%
n'était
21%
factice
20%
Enfin
19%
Y'a
19%
buzz
17%
Aucun quiz correspondant
Distribution des résultats
% des personnes avec chaque résultat
Percentile par nombre de réponses
Votre historique - résultats
Vous n’avez pas pris ce quiz